[Event "Bundesliga 0203"]
[Site "Germany"]
[Date "2003.03.08"]
[Round "12.5"]
[White "Doettling, Fabian"]
[Black "Epishin, Vladimir"]
[Result "1/2-1/2"]
[WhiteElo "2539"]
[BlackElo "2628"]
[Annotator "Gershon,A"]
[PlyCount "66"]
[EventDate "2002.10.19"]
[EventType "team-tourn"]
[EventRounds "15"]
[EventCountry "GER"]
[SourceTitle "CBM 094"]
[Source "ChessBase"]
[SourceDate "2003.05.26"]
[SourceVersion "1"]
[SourceVersionDate "2003.05.26"]
[SourceQuality "1"]
[WhiteTeam "Baden Oos"]
[BlackTeam "Luebeck"]
[WhiteTeamCountry "GER"]
[BlackTeamCountry "GER"]

1. d4 Nf6 2. Nf3 e6 3. c4 b6 4. g3 Ba6 5. Qa4 Bb7 6. Bg2 g6 $5 {Epishin's idea.
Black wants to target white's center positions from far away. So far he has
been quite successful.} (6... c5 7. dxc5 Bxc5 {is the main continuation here.})
7. O-O (7. Nc3 Bg7 (7... Ne4 $6 {Too active to my taste.} 8. Nxe4 Bxe4 9. Bg5
f6 10. Bd2 Bg7 11. O-O O-O 12. Rad1 f5 13. d5 e5 14. Qa3 Bxf3 15. exf3 d6 16.
f4 Nd7 17. fxe5 Nxe5 $14 {1/2-1/2 Gyimesi,Z-Agdestein,S/Catalan Bay ENG 2003/
The Week in Chess 430 (45)}) 8. Qc2 O-O 9. O-O d5 10. cxd5 exd5 11. Rd1 Na6 12.
Bg5 Qe8 13. Bxf6 Bxf6 14. a3 c6 15. e4 Nc7 16. e5 Bg7 {1/2-1/2 Dlugy,M-Epishin,
V/New York 1997/CBM 57 ext (25). (24) black has no problems whatsoever.}) 7...
Bg7 8. Nc3 O-O 9. Rd1 (9. Bg5 h6 10. Bxf6 Bxf6 11. e4 d6 12. Rad1 Bg7 13. Rfe1
Qe8 14. Qxe8 Rxe8 15. e5 Na6 16. exd6 cxd6 17. Nb5 Red8 18. b3 Rd7 {[%cal
Ga6c7] 1/2-1/2 Skembris,S-Epishin,V/Arco 1999/EXT 2000 (25) and white's slight
initiative got neutralized quickly.}) 9... d6 10. Qc2 {Doettling decides to
keep the dark bishop to himself, and trying to use his spacial advantage.} Qe7
11. e4 Nbd7 12. Rb1 Rac8 13. b3 c5 14. d5 (14. Ba3 Rfd8 {black will take on d4
at the most convenient time for him, therefore, white will be obliged to
advance his pawn sooner or later.}) 14... e5 {A KID type of pawn structure is
reached, whereas none of the players is ideally prepared for it.} 15. Bh3 a6 {
preparing to bring his light squared bishop to the h3-c8 diagonal, where it
belongs.} 16. a3 {White, on the other hand, is getting ready for a queen side
attack, which is much less effective with black pawn on c5.} Rc7 17. Qd3 Bc8
18. b4 Kh8 {[%cal Gf6g8,Gf7f5]} 19. Be3 Ng8 20. bxc5 bxc5 {white managed to
open a 'b' file, but there are no entrance squares as of yet.} 21. Bg5 Qe8 (
21... f6 22. Bd2 Bh6 {was also possible}) 22. Bd2 Bh6 $6 (22... Ne7 {[%cal
Gf7f5] seems more natural.}) 23. Nh4 Qd8 24. Re1 ({White could have tried:} 24.
Bxh6 Nxh6 25. Qe3 Kg7 26. Rf1 {[%cal Gf2f4] with the idea of exploiting
black's weakened king.}) 24... Bg7 25. Nd1 Ra7 26. Ne3 Nh6 {both players are
trying to manoeuver in order to get slight pluses, and improving their pieces
a bit. However, the closed nature of the position makes it hard for both to
come up with anything concrete, and the game ends in a draw soon.} 27. Rf1 Qe8
28. Bc3 Qe7 29. Kh1 Ng8 30. Qc2 Bf6 31. Nhg2 Bg7 32. Nh4 Bf6 33. Nhg2 Bg7 {
at this point both opponents got tired of countless manoeuvers and called it a
day.} 1/2-1/2

[Event "Budapest Hunguest Hotels"]
[Site "Budapest"]
[Date "2003.04.15"]
[Round "5"]
[White "Gelfand, Boris"]
[Black "Berkes, Ferenc"]
[Result "1/2-1/2"]
[WhiteElo "2700"]
[BlackElo "2578"]
[Annotator "Gershon,A"]
[PlyCount "57"]
[EventDate "2003.04.11"]
[EventType "tourn"]
[EventRounds "9"]
[EventCountry "HUN"]
[EventCategory "17"]
[SourceTitle "CBM 095"]
[Source "ChessBase"]
[SourceDate "2003.07.25"]
[SourceVersion "1"]
[SourceVersionDate "2003.07.25"]
[SourceQuality "1"]

1. d4 Nf6 2. c4 e6 3. Nf3 b6 4. g3 Ba6 5. b3 Bb4+ 6. Bd2 Be7 7. Nc3 O-O 8. Qc2
d5 9. cxd5 exd5 (9... Nxd5 10. Bg2 (10. Nxd5 exd5 11. e3 Bxf1 12. Kxf1 Nd7 13.
Qc6 Nf6 14. Kg2 Bd6 15. Rhc1 Qe7 16. b4 Rfc8 17. Rab1 h6 18. Be1 $14 {1-0
Nikolic,P-Macieja,B/Solingen GER 2002/The Week in Chess 424 (53)}) 10... c5 11.
O-O Nc6 ({a bit too passive is:} 11... Nd7 12. Rfd1 Rc8 13. Qb2 Bb7 14. e4 N5f6
15. d5 exd5 16. exd5 Bd6 17. Bh3 h6 18. Nb5 Bb8 19. Bc3 {1-0 Topalov,V-Karpov,
A/Monte Carlo 2001/CBM 81 ext (50) with an unpleasant pressure.}) 12. dxc5 (12.
Nxd5 exd5 13. Bc3 Rc8 14. Qb2 c4 15. Ne5 b5 16. a3 Re8 17. Rfe1 Bf8 18. Nxc6
Rxc6 19. e4 dxe4 20. Rxe4 Rxe4 21. Bxe4 Re6 22. Bf3 Qc7 23. d5 Re8 24. Rd1 f6
25. h4 Bc8 {1/2-1/2 Dautov,R-Lutz,C/Porz GER 2002/The Week in Chess 384 (36)})
12... bxc5 13. Rfd1 Rc8 14. Qb2 Qb6 15. e4 Ndb4 16. Na4 Qb7 17. Bc3 f6 18. Bh3
Nd8 $11 {0-1 Zhu Chen-Karpov,A/Dubai UAE 2002/The Week in Chess 387 (26). (26)}
) 10. Bh3 {The best way to fight for advantage.} (10. Bg2 c5 11. Rd1 Nc6 12.
Bg5 (12. dxc5 bxc5 13. Na4 Re8 {with advantage fro black}) (12. Bf4 $142 Re8
13. O-O {with an approximate equality}) 12... h6 13. Be3 Qc8 14. O-O Rd8 15.
dxc5 (15. h3 $142 Qe6 {with a slight edge for black.}) 15... bxc5 16. Na4 Nb4
17. Qb2 ({even worse is:} 17. Qd2 d4 18. Bf4 Ne4 19. Qb2 d3 $17) 17... d4 18.
Bf4 Qe6 19. Ne5 (19. Rfe1 Rac8 20. a3 Nbd5 $17) 19... g5 20. Bxa8 gxf4 21. a3
Rxa8 22. axb4 Qxe5 23. Nxc5 Bxe2 24. gxf4 (24. Rfe1 f3 {[%csl Rg1][%cal Ge5f5,
Gf5h3] followed by Qf5-h3.}) 24... Qh5 25. f3 Bxf1 26. Rxf1 Bxc5 {0-1 Zhu
Chen-Lautier,J/Dubai 2002/CBM 89/[Gershon] (26).}) (10. Bg5 Nbd7 11. e3 Bxf1
12. Kxf1 h6 13. Bxf6 Nxf6 14. Kg2 Qc8 15. Rhd1 Rd8 16. Rac1 Qa6 17. Ne5 Ba3 18.
Rb1 c5 $15 {0-1 Avrukh,B-Macieja,B/Moscow RUS 2001/The Week in Chess 369 (49)})
10... c5 11. O-O Nc6 12. Be3 Bc8 {Driving the annoying bishop away. However,
if such moves are called to deal with white's bishop, then his 10th move if
fully justified.} (12... Re8 13. Rfd1 h6 14. Rac1 c4 15. Ne5 Na5 16. bxc4 Nxc4
17. Qa4 Nxe3 $11 {1-0 Ivanchuk,V-Lautier,J/Moscow RUS 2001/The Week in Chess
370 (52)}) (12... Nb4 13. Qb2 Ne4 14. Rac1 Bf6 15. Rfd1 Qe7 16. Bf1 Rfd8 17.
Qb1 {1/2-1/2 Nikolic,P-Hracek,Z/Solingen GER 2002/The Week in Chess 424 (17)})
13. Bg2 Be6 {Black bishop is much more passive on e6, than on a6, but he's
doing an important job of protecting the 'd' pawn.} 14. Rad1 {[%cal Gf3g5]} h6
15. Ne5 (15. Bf4 Rc8 16. dxc5 bxc5 17. e4 d4 18. Na4 Qa5 $132) 15... Rc8 16.
Nxc6 Rxc6 17. dxc5 bxc5 18. Bf4 {[%cal Ge2e4]} c4 $1 {The most straightforward
way for black to maintain the balance} (18... Rc8 19. e4 (19. Bxd5 $6 Nxd5 20.
Nxd5 Bxd5 21. e4 Bxb3 22. axb3 Qb6 $11) (19. Be5 d4 $1 $13) 19... d4 20. Nb5
$14 {[%cal Gb5a3,Ga3c4]}) 19. Be5 cxb3 20. Qxb3 (20. axb3 $5 Bd6 (20... Qb6 21.
Qb1 {[%csl Rd5]} Bb4 22. Nxd5 Nxd5 23. Bxd5 Bxd5 24. Rxd5 Bc3 {with good
chances for survival.}) 21. Bd4 Ne4 $1 (21... Qe7 22. Qd3 Rfc8 23. Bxf6 Qxf6
24. Nxd5 $16) 22. Bxe4 dxe4 23. Qxe4 Qd7 {[%csl Rb3]} 24. Nd5 Re8 {black's
pair of bishops, and white's weakened king give enough compensation for the
pawn.}) 20... d4 $1 {White probably underestimated this strong reply. Now the
game is heading to a draw by force.} 21. Rxd4 Qa5 (21... Bxb3 22. Rxd8 Rxd8 23.
Bxc6 $16) 22. Nd5 {The game concludes fairly quickly now} (22. Qa4 Rc5 $1 {
[%csl Rc3,Re5]} 23. Qxa5 Rxa5 24. Bf4 Rc8 $11) 22... Nxd5 23. Bxd5 Rb6 24. Qf3
Bxd5 25. Rxd5 (25. Qxd5 $4 Rb5 $19) 25... Qxa2 26. Bd4 Re6 27. e3 a6 28. Rf5
Qc2 29. Ra1 1/2-1/2

[Event "Lost Boys op"]
[Site "Antwerp"]
[Date "1999.08.07"]
[Round "8"]
[White "Zoler, Dan"]
[Black "Gershon, Alik"]
[Result "0-1"]
[WhiteElo "2529"]
[BlackElo "2492"]
[Annotator "Gershon,A"]
[PlyCount "81"]
[EventDate "1999.07.30"]
[EventType "swiss"]
[EventRounds "9"]
[EventCountry "BEL"]
[SourceTitle "CBM 072"]
[Source "ChessBase"]
[SourceDate "1999.10.01"]
[SourceVersion "1"]
[SourceVersionDate "1999.10.01"]
[SourceQuality "1"]

1. d4 Nf6 2. c4 e6 3. Nf3 b6 4. g3 Ba6 5. Nbd2 c5 6. Bg2 Nc6 7. dxc5 Bxc5 8. a3
Bb7 9. b4 Be7 10. Bb2 O-O 11. O-O d6 (11... Rc8 12. e4 (12. Qb3 a5 (12... Rc7
13. Rac1 Qa8 14. Qd3 h6 15. Rfd1 Rd8 16. e4 d6 17. Qe2 a5 18. Ra1 axb4 19. axb4
Qc8 20. Bc3 Nd7 21. Nd4 Nxd4 22. Bxd4 Bf6 23. Bxf6 Nxf6 24. Qe3 d5 {1/2-1/2
Bronstein,D-Taimanov,M/Zuerich 1953/Candidates (24)}) 13. b5 Nb8 14. Rfd1 Qc7
15. Rac1 Rfd8 {1/2-1/2 Kholmov,R-Tal,M/Baku 1972/URS-ch (15)}) 12... d6 13. Qe2
a5 $2 14. b5 Nb8 15. e5 dxe5 16. Nxe5 Bxg2 17. Kxg2 Qc7 18. Ndf3 (18. Rfd1 Nfd7
19. Ndf3 Nc5 20. Nd4 Na4 21. Ndc6 Nxc6 22. Rd7 Nb8 23. Rxc7 Rxc7 24. Bd4 Nc5
25. Rd1 $16 {0-1 Kutirov,R-Bitoon,R/Elista 1998/CBM 66 ext (64)}) 18... Nfd7
19. Rad1 Bf6 20. Nxd7 Nxd7 21. Bxf6 Nxf6 22. Ne5 Qc5 23. Rd3 Rfd8 24. Rfd1 Rxd3
25. Rxd3 h6 26. f4 $16 {1-0 Zoler,D-Gershon,A/Israeli League tt, Tel Aviv ISR
1999 (60)}) (11... a5 $2 12. b5 Nb8 13. Qc2 d6 14. Ng5 {[%csl Gb7,Gh7][%cal
Gb2f6,Gg2b7]} Bxg2 15. Bxf6 g6 16. Nxe6 fxe6 17. Bxe7 Qxe7 18. Kxg2 $18 {
1-0 Giorgadze,T-Kupreichik,V/URS 1979/MCD (44)}) 12. Qc2 Qc7 13. Ng5 Ne5 (13...
h6 14. Bxf6 hxg5 15. Bxe7 Qxe7 $16 {[%csl Gg5]} (15... Nxe7 16. Bxb7 Qxb7 17.
Ne4 $16)) 14. Bxb7 Qxb7 15. Bxe5 dxe5 16. Nde4 Nxe4 17. Nxe4 {A tricky
position, on one hand white has virtually an extra pawn on the Q side, but his
biggest problem is the very passive knight on e4 (d2)} a5 $1 18. Rab1 (18. c5
Rfc8 {[%csl Gc5][%cal Gf7f5]}) 18... Rfc8 19. Rfd1 $6 Qc6 20. Nd2 axb4 21. axb4
Ra4 22. Qc3 (22. b5 Qa8 23. Qb2 (23. Qc3 f6 24. Ra1 Bb4 25. Qb2 Bxd2 26. Rxa4
Qxa4 27. Rxd2 Qxc4) 23... f6 24. Ra1 Ra3 {[%csl Gc4] I consider this position
to be better for black}) 22... f6 23. c5 {Playing for a win, but it is a
double edged decision.} bxc5 24. b5 Qd5 $1 {Very important not to let white
knight on c4.} (24... Qa8 25. Nc4 $18 {[%csl Gb6][%cal Gb5b6,Gb6b7]}) 25. Nb3
Qa8 26. Rd7 (26. b6 Rb4 (26... c4 27. b7 Qxb7 28. Nc5 Qxb1 29. Rxb1 Bxc5 $15)
27. Rd7 Bf8 28. Ra1 (28. Qxb4 cxb4 29. b7 Qb8 30. bxc8=Q Qxc8 31. Rdd1 Qc2 $17)
) (26. Ra1 $5 c4 27. b6 Rxa1 (27... cxb3 28. Rxa4 $18) 28. Rxa1 Qc6 29. Na5
Qxb6 30. Nxc4 Qd4 31. Rc1 $15 {And i didn't see a way to win this position for
black}) 26... Bf8 27. Nd2 (27. b6 Rb4 28. Ra1 Qc6 29. Raa7 Rxb6) 27... Rb4 28.
Ra1 Qb8 29. Raa7 Qxb5 {I thought I was pretty safe here, but in fact white has
a very strong compensation for the material here.} 30. Qf3 Rd4 31. Rdb7 $2 {
Loses on the spot} (31. Rf7 $1 Qb4 {Zoler} (31... Rxd2 $4 32. Qg4 Qb1+ 33. Kg2
Qg6 34. Qxe6 $18) (31... Qe8 $2 32. Qb7 Rg4 33. Ne4 Rb8 34. Nxf6+ $1 gxf6 35.
Rxf8+ Kxf8 36. Qxh7 $18) (31... f5 32. Qe3 $1 (32. Qh5 Rg4 $1 $19 {[%cal Gb5e8,
Gc5c1]}) 32... c4 33. Nf3 (33. Qg5 Rg4 34. Rxf8+ Rxf8 (34... Kxf8 35. Qe7+ Kg8
36. Qxe6+) 35. Rxg7+ Kh8 36. Qe7 Qe8 37. Rxh7+ Kg8 38. Qc7 Qb8 $15) 33... Rd1+
34. Kg2 e4 $44) 32. Qh5 Kh8 $19) 31... Qc6 $1 32. Qh5 (32. Qxc6 Rxc6 33. Rb8 (
33. Nf3 Rd8 $19) 33... Rxd2 34. Raa8 Kf7 35. Rxf8+ Kg6 36. Ra7 Rxe2 37. Rff7
Kf5 $19) 32... Qe8 33. Rf7 Rxd2 34. g4 (34. Qg4 Qxf7 35. Rxf7 Kxf7 $19) 34...
c4 35. g5 fxg5 36. Qf3 c3 37. h4 (37. Qb7 Rd1+ 38. Kg2 Qc6+ $19) 37... c2 38.
Qb7 c1=Q+ 39. Kh2 Qxf7 40. Qxf7+ Kh8 41. h5 0-1

[Event "EU-Cup 18th"]
[Site "Kallithea"]
[Date "2002.09.25"]
[Round "4.1"]
[White "Sakaev, Konstantin"]
[Black "Adams, Michael"]
[Result "0-1"]
[WhiteElo "2647"]
[BlackElo "2752"]
[Annotator "Gershon,A"]
[PlyCount "102"]
[EventDate "2002.09.22"]
[EventType "team-swiss"]
[EventRounds "7"]
[EventCountry "GRE"]
[SourceTitle "CBM 092"]
[Source "ChessBase"]
[SourceDate "2003.02.06"]
[SourceVersion "1"]
[SourceVersionDate "2003.02.06"]
[SourceQuality "1"]
[WhiteTeam "St Petersburg"]
[BlackTeam "Sarajevo Bosna"]
[WhiteTeamCountry "RUS"]
[BlackTeamCountry "BIH"]

{[%mdl 36]} 1. d4 Nf6 2. Nf3 e6 3. c4 b6 4. g3 Ba6 5. Nbd2 Bb4 6. Qc2 Bb7 7.
Bg2 Be4 8. Qb3 {'Rabinovich,A: 'Another possibility is to play 8.Qd1 and to
take later on d2 with Q.''} Bxd2+ 9. Bxd2 O-O 10. O-O d6 {'Rabinovich,A: 'Very
solid line for black. For exchange for white pare of bishops black has very
nice pawn structure and well placed pieces.''} 11. Rfd1 (11. Qe3 {[%csl Ge4]}
Nbd7 12. Bc3 Qb8 13. Bh3 b5 14. b3 a5 15. Nd2 Bg6 16. Bg2 d5 17. Rfc1 bxc4 18.
bxc4 Nb6 19. a4 Qe8 20. Bb2 Kh8 21. Qf4 Qb8 22. Bc3 Qb7 23. c5 $16 {1-0 Dizdar,
G-Bistric,F/Zadar CRO 1999 (42)}) 11... Nbd7 12. Rac1 {Black has numerous
options in this position:} (12. Bh3 Qe7 13. Nh4 c5 14. Qe3 cxd4 15. Qxd4 Rfd8
16. Rac1 h6 17. Bc3 Nc5 18. Qe3 a5 19. f3 Bh7 20. Nf5 Bxf5 21. Bxf5 $14 {
0-1 Manninen,M-Veingold,A/Tampere 1992/EXT 2000 (45)}) (12. Bf1 {A new idea,
trying to play Ne1,f3,e4 as quick as possible.} Qe7 13. Ne1 c5 14. Be3 d5 $11)
12... Re8 (12... h6 13. Bh3 Re8 14. Be3 a5 15. Nd2 Bb7 16. Nf1 (16. c5 Bd5 17.
Qa3 Qe7 (17... dxc5 18. dxc5 b5 19. c6 $14) 18. cxd6 cxd6 19. Rc7 Rec8 20. Rdc1
Rxc7 21. Rxc7 Ne8 $11) 16... a4 17. Qc2 Qe7 18. f3 c5 19. Bf2 Rec8 20. Qd2 cxd4
$142 $1 (20... d5 21. dxc5 bxc5 22. cxd5 Bxd5 23. Ra1 {Nicolic,P - Adams,M/
2000/1-0} (23. a3 $2 {[%csl Rb2]} Bb3 $15)) 21. Bxd4 d5 22. Ne3 Rd8 (22... e5
23. Nf5 Qf8 24. Bf2 d4 25. f4 Ne4 26. Qe1 Nxf2 27. Qxf2 $16) (22... dxc4 23.
Nxc4 b5 24. Ne3 $14 {^^}) 23. Qc2 $14 (23. cxd5 Nxd5 24. Nxd5 Bxd5 $11)) (12...
Qe7 13. Bh3 (13. Qa3 a5 14. Bh3 Rae8 (14... Rfe8 15. Be3 h6 16. Nd2 Bb7 17. c5
(17. b3 Qd8 18. c5 dxc5 19. dxc5 Ba6 20. Nc4 Bxc4 21. bxc4 Qe7 22. Bg2 Ra7 23.
Bc6 Ra6 24. Qa4 Rd8 25. Qb5 Ra7 26. cxb6 Nxb6 27. Bc5 {1-0 Ivanov,M-Heer,B/
Baden-Baden 2001/EXT 2002 (27)}) 17... dxc5 18. dxc5 Bd5 19. cxb6 Qxa3 20. bxa3
cxb6 21. Nc4 Rab8 22. Nd6 Red8 23. Rc2 Nc5 24. Nb5 Rbc8 25. f3 Na4 26. Rdc1
Rxc2 27. Rxc2 Bb7 28. Bf1 Rd1 29. Rc1 Rxc1 30. Bxc1 Bd5 31. e4 Bc6 32. Be3 Kf8
33. Na7 Bd7 34. Kf2 Ke7 35. Bd4 Ne8 36. Nb5 f6 37. e5 f5 38. Nd6 $14 {1-0
Timman,J-Salov,V/Rotterdam 1989/CBM 13 (63)}) (14... h6 15. Ne5 Rae8 16. Nxd7
Nxd7 17. Be3 Bc6 18. c5 bxc5 19. dxc5 d5 20. Qxa5 Nf6 21. Qa6 $16 {1-0 Piket,
J-Bischoff,K/Hamburg 1991/CBM 24 (61)}) 15. Ne1 $6 (15. Qe3) 15... Bf5 16. Bf1
e5 17. dxe5 Nxe5 18. Ng2 Bh3 19. Be1 h6 20. Qc3 Ne4 21. Qd4 f5 22. b3 Kh7 23.
f3 Ng5 $36 {1/2-1/2 Piket,J-Van der Wiel,J/Gouda 1997/EXT 99 (79)}) 13... c5
14. Qe3 Rfe8 15. Bc3 a5 16. b3 Bb7 17. Qd3 d5 18. Qe3 Ne4 19. Bb2 a4 {1/2-1/2
Ribshtein,N-Van den Doel,E/Antwerp 1999/EXT 2000 (41)}) 13. Be1 (13. Qe3 a5 14.
Bc3 d5 15. Ne5 Bxg2 16. Kxg2 Qc8 17. Qf3 {1/2-1/2 Lalic,B-Adams,M/London 2000/
CBM 76 (17)}) (13. Bh3 Qe7 14. Be3 {[%cal Gf3d2]} a5 15. Nd2 Bb7 16. Qc2 c5 17.
dxc5 bxc5 $11 {0-1 Dao Thien Hai-Adams,M/New Delhi/Theran 2000/CBM 81/
[Rabinovich,A] (68)}) 13... Qe7 {There are many transpositions and various
move orders in this line, which, however, do not change the essence of the
position. White has a B pair that isn't felt, since black controls the centre.
Black, on his part, has to play on the Q side and try to affirm his hold of
the center.} 14. Qe3 a5 15. Bf1 $6 {A typical manoeuver: in order to throw the
B away from e4 white has to move the N, and for that the diagonal has to be
freed. However, this plan is rather awkward, and demands a lot of time, which
allows black to perfectly place his pieces and motion the centre.} Bb7 16. Nh4
{[%cal Gf2f3,Yh4g2]} Qf8 17. Qd3 $1 {[%csl Re1,Rf1,Rh4] Preventing black's
thematic c7-c5 andvance. However,white had to remove his forces away from the
centre, in order to carry out his plan, that when black strikes in the centre.}
e5 (17... c5 $2 18. dxc5 {[%csl Rd6]} dxc5 19. f3 $14 {[%cal Gd3d6,Ye2e4]}) 18.
d5 {Black has succeeded to close the centre.A Kings Indian pawn structure
arised, however, black doesn't have the "bad" dark bishop, which makes his
life much easier.} Nc5 19. Qc2 Bc8 20. f3 Kh8 $1 {[%cal Gf6g8,Gg8e7,Yf7f5]
Black finds the best placing for his pieces.} 21. Bf2 ({an attempt to begin a
Qside play is easily refuted:} 21. b3 Ng8 22. a3 Bd7 {[%cal Gd7a4,Ya4d1]} (
22... Ne7 23. b4)) 21... Ng8 22. e4 Ne7 {[%cal Gf7f5] f5 is a real threat now.}
23. Nf5 $1 {the only way to prevent f5. However, the less pieces remain on the
board, the easier will be the game for black.} Nxf5 24. exf5 g6 $15 25. fxg6
hxg6 {[%cal Gh8h2]} 26. Be3 Kg7 27. h4 Qh8 {[%csl Rf3][%cal Gh8h5]} 28. Rd2 Qh5
29. Qd1 e4 30. Be2 (30. fxe4 $143 Bg4 (30... Nxe4 31. Bd4+ Kg8 32. Qxh5 gxh5
33. Rd3) 31. Be2 Bxe2 32. Qxe2 Nxe4 33. Qxh5 gxh5 34. Bd4+ Kh7 {[%csl Rg3]} 35.
Rd3 Rg8 36. Kh2 Rg4 37. Rf1 Kg6 $17 {[%cal Gf7f5]}) (30. f4 $142 $5 Bg4 31. Be2
Bxe2 32. Qxe2 {and although better, black will hardly be able to break through}
) 30... Kg8 $1 {removing the K from the long diagonal} 31. fxe4 Qe5 32. Bf4
Qxe4 33. Bf3 Qf5 34. Qf1 {White has stopped black's Kside attempts, but his
B's work poorly, whereas black will open a second front now.} Bd7 35. Rd4 $2 {
[%cal Gf4d2,Gf3g2] weakening the second row.} (35. Rcd1 $142 Rab8 36. Rf2 $15)
35... Rab8 36. Bd2 b5 $1 {black is ready to sacrifise a pawn in order to open
the 'b' file.} 37. Bxa5 bxc4 38. Rf4 (38. Bxc7 Rxb2 39. Bxd6 (39. Rcxc4 Qe5 $1
$19 {[%csl Rg3]}) 39... Nd3 {[%cal Gb2f2] is winning for black}) 38... Qe5 39.
Re1 Qxb2 40. Rxe8+ Rxe8 41. Qxc4 {[%csl Rg1] the difference between the two
kings is too big} Ra8 $1 42. Qc3 (42. Bc3 Qc1+ 43. Kh2 Qc2+ 44. Bg2 Rxa2 $19)
42... Qb1+ 43. Qe1 Qxa2 44. Qe7 Qb1+ 45. Kh2 Bf5 46. g4 $2 ({my silicon friend
offers a tough resistance after} 46. Bg2 $1 Rxa5 47. g4 Nd3 (47... Ra1 $143 48.
gxf5 Qg1+ 49. Kh3 Ra3+ 50. Bf3 $13) 48. Rf1 Qb2 49. gxf5 Qe5+ {black should
still win the endgame}) 46... Nd3 {now it's all over} 47. Rxf5 Qb2+ $1 {
[%cal Gb2g7] and important intermediate check} 48. Bg2 gxf5 49. Bxc7 Ra2 50.
Qg5+ Qg7 51. Qxf5 Ne1 0-1